000 00543nam a2200229Ia 4500
005 20250425160918.0
008 250425s9999 xx 000 0 und d
020 _a0890060762
041 _aeng
082 _a610.0285
100 _aSONDAK, VERNON
245 0 _aCOMPUTERS AND MEDICINE
250 _a1ST ED.
260 _aEstados Unidos
_bARTECH HOUSE
_c1979
260 _aS.L.
300 _a245
650 _aCIENCIAS MEDICAS
650 _aMEDICINA-PROCESAMIENTO DE
700 _aSONDAK, NORMAN
942 _c01
010 _a8170
999 _c198697
_d198697